000 01695nam a22001577a 4500
999 _c523601
_d523601
008 230914b ||||| |||| 00| 0 eng d
100 _aBuchori, Imam et al
_943684
245 _a Urban expansion and welfare change in a medium-sized suburban city: Surakarta, Indonesia
260 _aEnvironment and Urbanization ASIA
300 _a11(1), Mar, 2020: p.78-101
520 _aThis study observes the socio-spatial dynamics in the suburbs of a medium-sized city, particularly considering the extent to which shifting land use has influenced people’s welfare. This case study selected suburban Surakarta, a medium-sized metropolitan city in Central Java Province, Indonesia. The methods employed were descriptive statistics and spatial analyses. Considering the data availability, unit of analysis was urban or rural villages (kelurahan or desa). The results show that the development follows the pattern of a regional network, but the spatial dynamics are quite different in each direction. Besides, the shift of land use from agriculture to urban land has not directly affected poverty reduction. In the study area, the increase in industrial land use showed a weak positive correlation with the addition of pre-prosperous families. On this basis, local governments should pay more attention to the existence of the native residents in developing suburbs so that they are not harmed by the shift in land use from agricultural to developed urban land. – Reproduced
650 _aDisaster management, Risk Perceptions, Risk mapping, Vulnerability, Informal settlements, Bangladesh.
_940535
773 _aEnvironment and Urbanization ASIA
906 _aURBAN DEVELOPMENT
942 _cAR